| 000 | 00882 a2200193 4500 | ||
|---|---|---|---|
| 001 | 22512 | ||
| 005 | 20260407155516.0 | ||
| 008 | 260407a1980 arg spa d | ||
| 003 | AR-UNSa-BCEJYS | ||
| 040 |
_aAR-UNSa-BCEJYS _bspa _cAR-UNSa-BCEJYS |
||
| 080 |
_a336.226.3 _xImpuestos por el uso de los ingresos. Impuestos al consumo. IVA |
||
| 245 | 1 | 0 |
_aImpuesto selectivo al consumo _pimpuesto interno |
| 264 | 1 |
_aBuenos Aires : _bDepalma _c1980 |
|
| 300 |
_axv, 334 p. _c23 cm. |
||
| 505 | _a1. Fundamentos e hostoria de la imposición selectiva al consumo - 2. Objetos gravados por el impuesto selectivo - 3. Exenciones - 4. Sujeto pasivo del impuesto - 5. Hecho imponible - 6. Base Imponible - 7. Liquidación - 8. Infracciones y sanciones en materia de impuestos internos. | ||
| 942 | _cBK | ||
| 590 | _aniveau_biblio:m niveau_hierar:0 | ||
| 100 | 1 | _aGurfinkel de Wendy, Lilian N. | |
| 999 |
_c1030 _d1030 |
||